| 000 | 01602nam a22004097a 4500 | ||
|---|---|---|---|
| 003 | CHAP | ||
| 005 | 20220329143357.0 | ||
| 008 | 090129s2008 mx a r 00010 sp | ||
| 010 | _a95727 | ||
| 011 | _a96699 | ||
| 035 | _a107355 | ||
| 040 | _cCHAP | ||
| 090 | _aTesis | ||
| 100 | 1 |
_aMarín Torres, José Roberto Crescencio. _971521 |
|
| 245 | 1 | 0 |
_aAnálisis del sector forestal en el Estado de Puebla, mediante el enfoque de cadenas productivas _c/por José Roberto Crescencio Marín Torres |
| 260 |
_aChapingo, Méx. : _bEl autor, _c2008 |
||
| 300 |
_aix, 68 h. : _bcuadros, gráfs. |
||
| 502 | _aTesis (Ing. Forestal Industrial) -- UACH. División de Ciencias Forestales | ||
| 530 | _aTambién disponible en línea | ||
| 590 |
_aALEPH _b10 _c20130110 _lUCH01 _h1526 |
||
| 590 |
_aBATCH-UPD _b10 _c20130110 _lUCH01 _h0418 |
||
| 590 |
_aBATCH-UPD _b10 _c20130110 _lUCH01 _h2108 |
||
| 590 |
_aBATCH-UPD _b10 _c20130410 _lUCH01 _h0052 |
||
| 590 |
_aBATCH-UPD _b10 _c20130914 _lUCH01 _h0418 |
||
| 590 |
_aBATCH-UPD _b10 _c20140324 _lUCH01 _h1509 |
||
| 590 |
_aBATCH-UPD _b10 _c20141002 _lUCH01 _h0838 |
||
| 590 |
_aCONVERSION _b10 _c20130109 _lUCH01 _h1353 |
||
| 650 | 1 | 4 |
_aAserraderos. _97892 |
| 650 | 1 | 4 |
_aBosques _xAdministración _zPuebla. _914041 |
| 650 | 1 | 4 |
_aBosques _xUtilización. _914405 |
| 650 | 1 | 4 |
_aMadera aserrada. _969637 |
| 856 |
_3Finding aid _uhttp://10.13.5.2/tesis/107355.pdf _zTeclea aqui |
||
| 901 | _aBK | ||
| 942 | _cFOLL | ||
| 949 |
_aTesis _bBC _cTES _d33724002083603 _eTS1 _gDonaciØn _h48618 _i107355 _sb |
||
| 949 |
_aTesis _bBC _cTES _d33724002083644 _eTS2 _fc.2 _gDonaciØn _h48619 _i107355 _sb |
||
| 999 |
_c95727 _d95727 |
||